000 01655nam1a2200373 4500
001 RU\NLR\BIBL_A\022699751
005 20260406134412.0
010 _a978-5-09-129566-5
035 _a(NLR Aleph) 022699751
090 _a13536235
_c13536235
100 _a20260113d2026 c y0rusy50 ca
101 0 _arus
102 _aRU
105 _a j
181 0 _ai
_baxxe
182 0 _an
200 1 _aМатематика
_e4 класс
_eучебное пособие
_eв соответствии с требованиями Федерального государственного образовательного стандарта начального общего образования
_eв двух частях
_fГ. В. Дорофеев, Т. Н. Миракова, Т. Б. Бука
203 _aТекст
_bвизуальный
_cнепосредственный
205 _a2-е изд., стер.
210 _aМосква
_cПросвещение
_d2026
215 _d26
225 1 _aПерспектива
225 1 _aФГОС
333 _a6+
606 1 _aМатематика
_jУчебные издания для начальной школы
_9922118
_3RU\NLR\AUTH\6619329
686 3 _aВ10я711-1
700 1 _8rus
_7ca
_aДорофеев
_bГ. В.
_f1938-2008
_gГеоргий Владимирович
_3RU\NLR\AUTH\772205
_9112221
701 1 _aМиракова
_bТ. Н.
_gТатьяна Николаевна
701 1 _aБука
_bТ. Б.
_gТатьяна Борисовна
852 _aNLR
_j2026-7/51
942 _cBOOK
980 _aNB